En el mundo de los negocios učebnica španielčiny pre špecifické ciele : preklady textov do slovenčiny

Salvato in:
Dettagli Bibliografici
Autore principale: Lenghardtová, Jana
Ente Autore: Leonardo da Vinci
Altri autori: Jónová, Rút, Pauleová, Milada, Roček, František, Vernayová, Drahomíra
Natura: Libro
Lingua:slovacco
Pubblicazione: Bratislava Ekonomická univerzita [2001]
Soggetti:
Tags: Aggiungi Tag
Nessun Tag, puoi essere il primo ad aggiungerne!!

MARC

LEADER 00000nam$a2200000$$$4500
001 0120476
005 20240226122304.1
020 |a 80-225-1415-2 
041 0 |a slo 
044 |a SK 
245 1 0 |a En el mundo de los negocios  |b učebnica španielčiny pre špecifické ciele : preklady textov do slovenčiny  |c Jana Lenghardtová ; do slovenčiny preložili Rút Jónová, Milada Pauleová, František Roček, Drahomíra Vernayová 
264 1 |a Bratislava  |b Ekonomická univerzita  |c [2001] 
300 |a 72 s. 
610 2 0 |a jazykoveda 
610 2 0 |a terminológia 
610 2 0 |a jazyky cudzie 
610 2 0 |a vyučovanie 
100 1 |a Lenghardtová, Jana 
700 1 |a Jónová, Rút 
700 1 |a Pauleová, Milada 
700 1 |a Roček, František 
700 1 |a Vernayová, Drahomíra 
710 2 |a Leonardo da Vinci